Gender-Marked Metaphors: Influence of Grammatical Gender and Frequency on Referential Choice of Metaphorical Name of the Person in the Russian Language; Procedia - Social and Behavioral Sciences; Vol. 200 : Language and culture
| Parent link: | Procedia - Social and Behavioral Sciences Vol. 200 : Language and culture.— 2015.— [P. 135-141] |
|---|---|
| Autor principal: | |
| Autor corporatiu: | |
| Altres autors: | , |
| Sumari: | Title screen The paper aims to discuss the results of the experimental research into the correlation between the influence of language (the gender of the noun) and speech (frequency of using words in speech) on the referential choice of a metaphorical name of a person. As a result, we prove a significant influence of grammatical gender on solving the problem of figurative reference to the name of a man or woman.The interaction between linguistic factors (the grammatical gender) and speech (frequency) is manifested in the fact that the frequency factor is significant in functionally weak areas where there is a conflict between the problem being solved and grammatical gender of the word (for example, the problem to determine the reference of feminine words to a male). |
| Idioma: | anglès |
| Publicat: |
2015
|
| Matèries: | |
| Accés en línia: | http://dx.doi.org/10.1016/j.sbspro.2015.08.033 |
| Format: | MixedMaterials Electrònic Capítol de llibre |
| KOHA link: | https://koha.lib.tpu.ru/cgi-bin/koha/opac-detail.pl?biblionumber=652494 |
MARC
| LEADER | 00000naa2a2200000 4500 | ||
|---|---|---|---|
| 001 | 652494 | ||
| 005 | 20250902122542.0 | ||
| 035 | |a (RuTPU)RU\TPU\network\17804 | ||
| 090 | |a 652494 | ||
| 100 | |a 20161229d2015 k||y0rusy50 ba | ||
| 101 | 0 | |a eng | |
| 102 | |a NL | ||
| 135 | |a drgn ---uucaa | ||
| 181 | 0 | |a i | |
| 182 | 0 | |a b | |
| 200 | 1 | |a Gender-Marked Metaphors: Influence of Grammatical Gender and Frequency on Referential Choice of Metaphorical Name of the Person in the Russian Language |f Z. I. Rezanova, E. D. Nekrasova, I. G. Temnikova | |
| 203 | |a Text |c electronic | ||
| 300 | |a Title screen | ||
| 320 | |a [References: p. 141 (17 tit.)] | ||
| 330 | |a The paper aims to discuss the results of the experimental research into the correlation between the influence of language (the gender of the noun) and speech (frequency of using words in speech) on the referential choice of a metaphorical name of a person. As a result, we prove a significant influence of grammatical gender on solving the problem of figurative reference to the name of a man or woman.The interaction between linguistic factors (the grammatical gender) and speech (frequency) is manifested in the fact that the frequency factor is significant in functionally weak areas where there is a conflict between the problem being solved and grammatical gender of the word (for example, the problem to determine the reference of feminine words to a male). | ||
| 461 | 1 | |0 (RuTPU)RU\TPU\network\2898 |t Procedia - Social and Behavioral Sciences | |
| 463 | 1 | |t Vol. 200 : Language and culture |o The XXVI Annual International Academic Conference, 27–30 October 2015 |o [proceedings] |v [P. 135-141] |d 2015 | |
| 610 | 1 | |a электронный ресурс | |
| 610 | 1 | |a труды учёных ТПУ | |
| 610 | 1 | |a экспериментальные исследования | |
| 610 | 1 | |a метафоры | |
| 610 | 1 | |a слова | |
| 700 | 1 | |a Rezanova |b Z. I. |c linguist |c Professor of Tomsk Polytechnic University, Doctor of philological sciences |f 1957- |g Zoya Ivanovna |3 (RuTPU)RU\TPU\pers\35947 | |
| 701 | 1 | |a Nekrasova |b E. D. |g Elena Dmitrievna | |
| 701 | 1 | |a Temnikova |b I. G. |g Irina Gennadjevna | |
| 712 | 0 | 2 | |a Национальный исследовательский Томский политехнический университет |c (2009- ) |9 26305 |
| 801 | 2 | |a RU |b 63413507 |c 20161229 |g RCR | |
| 850 | |a 63413507 | ||
| 856 | 4 | |u http://dx.doi.org/10.1016/j.sbspro.2015.08.033 | |
| 942 | |c CF | ||